[Event "Verbandsliga Suedbaden 1718"]
[Site "Baden"]
[Date "2017.10.08"]
[Round "1.5"]
[White "Feiler, Juergen"]
[Black "Boes, Julian"]
[Result "0-1"]
[WhiteElo "2070"]
[BlackElo "2084"]
[PlyCount "76"]
[EventDate "2017.10.08"]
[EventType "team-tourn"]
[EventRounds "9"]
[EventCountry "GER"]
[SourceTitle "EXT 2019"]
[Source "ChessBase"]
[SourceDate "2018.10.10"]
[SourceVersion "1"]
[SourceVersionDate "2018.10.10"]
[SourceQuality "1"]
[WhiteTeam "Baden-Baden IV"]
[BlackTeam "Heitersheim"]
[WhiteTeamCountry "GER"]
[BlackTeamCountry "GER"]

1. d4 d5 2. c4 e6 3. Nc3 Nf6 4. Bg5 Be7 5. cxd5 exd5 6. e3 Nbd7 7. Qc2 c6 8. Bd3 Nh5 9. Bxe7 Qxe7 10. 0-0-0 Nb6 11. h3 g6 12. Nf3 Be6 13. g4 Ng7 14. Kb1 0-0-0 15. Na4 Kb8 16. Nc5 Rc8 17. Qb3 h5 18. Ne5 Ne8 19. Bxg6 fxg6 20. Nxg6 Qh7 21. Qc2 Rg8 22. Nxe6 Qxg6 23. Qxg6 Rxg6 24. Nf4 Rf6 25. g5 Rf5 26. Nxh5 Rxg5 27. Nf4 Nf6 28. Kc2 Nh5 29. h4 Rf5 30. Nd3 Nd7 31. Rdg1 c5 32. dxc5 Nxc5 33. f4 Ne4+ 34. Kd1 Rd8 35. Kc2 d4 36. exd4 Rxd4 37. Rg8+ Kc7 38. a3 Rxd3 0-1

[Event "Porto Mannu op 9th"]
[Site "Porto Mannu"]
[Date "2017.06.08"]
[Round "7"]
[White "Deglmann, Ludwig"]
[Black "Feiler, Juergen"]
[Result "1-0"]
[WhiteElo "2285"]
[BlackElo "2103"]
[PlyCount "85"]
[EventDate "2017.06.03"]
[EventType "swiss"]
[EventRounds "9"]
[EventCountry "ITA"]
[SourceTitle "CBM 178 Extra"]
[Source "ChessBase"]
[SourceDate "2017.06.22"]
[SourceVersion "1"]
[SourceVersionDate "2017.06.22"]
[SourceQuality "1"]

1. f4 g6 2. Nf3 d6 3. e4 Bg7 4. Bc4 e5 5. fxe5 dxe5 6. d3 Nc6 7. 0-0 Nh6 8. a4 0-0 9. Bg5 Qd6 10. Qd2 Ng4 11. h3 h6 12. hxg4 hxg5 13. Qxg5 Na5 14. Qh4 Bf6 15. g5 Bg7 16. Na3 Bd7 17. Qf2 Bxa4 18. Bb5 Bxb5 19. Nxb5 Qb6 20. Qxb6 cxb6 21. b4 Nc6 22. Nc7 Rac8 23. Nd5 b5 24. Nh2 f5 25. gxf6 Bh6 26. Ng4 Bd2 27. Rab1 Kf7 28. Rfd1 Bg5 29. Kf2 Ke6 30. c3 Rf7 31. Rh1 Rd8 32. Ke2 Nb8 33. Rh3 a6 34. Rbh1 Nd7 35. Rh7 Rdf8 36. d4 exd4 37. cxd4 Nxf6 38. Ndxf6 Bxf6 39. d5+ Kd6 40. Rxf7 Rxf7 41. Rf1 Ke7 42. d6+ Ke6 43. Nxf6 1-0

[Event "Verbandsliga Suedbaden 1617"]
[Site "Baden"]
[Date "2016.12.11"]
[Round "4.4"]
[White "Feiler, Juergen"]
[Black "Daeschler, Florian"]
[Result "0-1"]
[WhiteElo "2103"]
[BlackElo "2117"]
[PlyCount "64"]
[EventDate "2016.10.09"]
[EventType "team-tourn"]
[EventRounds "9"]
[EventCountry "GER"]
[SourceTitle "EXT 2022"]
[Source "ChessBase"]
[SourceDate "2021.10.06"]
[SourceVersion "1"]
[SourceVersionDate "2021.10.06"]
[SourceQuality "1"]
[WhiteTeam "Baden Baden IV"]
[BlackTeam "Lahr"]
[WhiteTeamCountry "GER"]
[BlackTeamCountry "GER"]

1. d4 Nf6 2. c4 e6 3. Nc3 Bb4 4. Qc2 c5 5. e3 0-0 6. Nf3 b6 7. Bd3 Bb7 8. e4 cxd4 9. Nxd4 Bxc3+ 10. bxc3 d6 11. Ba3 Na6 12. e5 dxe5 13. Bxf8 Qxf8 14. Nb3 Bxg2 15. Rg1 Bc6 16. Rg5 e4 17. Be2 Ba4 18. 0-0-0 Nc5 19. Kb2 Nfd7 20. Rdg1 g6 21. Qd2 Bxb3 22. axb3 f6 23. R5g3 Ne5 24. Rd1 Rc8 25. f3 exf3 26. Bxf3 b5 27. Qd4 bxc4 28. b4 Ncd3+ 29. Kc2 a5 30. bxa5 Qa3 31. Kd2 Qb2+ 32. Ke3 Qf2+ 0-1

[Event "Arco op 37th"]
[Site "Arco"]
[Date "2015.10.14"]
[Round "5"]
[White "Sprotte, Norbert"]
[Black "Feiler, Juergen"]
[Result "1-0"]
[WhiteElo "2206"]
[BlackElo "2103"]
[PlyCount "85"]
[EventDate "2015.10.10"]
[EventType "swiss"]
[EventRounds "9"]
[EventCountry "ITA"]
[SourceTitle "CBM 168 Extra"]
[Source "ChessBase"]
[SourceDate "2015.10.29"]
[SourceVersion "1"]
[SourceVersionDate "2015.10.29"]
[SourceQuality "1"]

1. d4 d5 2. Nf3 Nf6 3. c4 c6 4. Nbd2 e6 5. e3 c5 6. b3 cxd4 7. exd4 Bb4 8. Bb2 0-0 9. a3 Be7 10. Bd3 b6 11. 0-0 Bb7 12. Qe2 dxc4 13. bxc4 Nbd7 14. Rfe1 Rc8 15. Rad1 Qc7 16. Ne5 Nxe5 17. dxe5 Qc6 18. f4 Nh5 19. Bxh7+ Kh8 20. Be4 Qc5+ 21. Kh1 Bxe4 22. Nxe4 Nxf4 23. Qf3 Qxc4 24. Qxf4 Qb3 25. Bc1 Rc4 26. Qf3 Qa4 27. Qh5+ Kg8 28. Qf3 b5 29. Nd6 Rc5 30. Qe4 Qb3 31. Qg4 f5 32. exf6 Bxf6 33. Qxe6+ Qxe6 34. Rxe6 Be5 35. Be3 Bxd6 36. Rexd6 Rc3 37. R6d3 Rxd3 38. Rxd3 Rf1+ 39. Bg1 Ra1 40. g3 a5 41. Kg2 b4 42. axb4 axb4 43. Rb3 1-0

[Event "Arco op 37th"]
[Site "Arco"]
[Date "2015.10.13"]
[Round "4"]
[White "Feiler, Juergen"]
[Black "Blasco, Domenico"]
[Result "1-0"]
[WhiteElo "2103"]
[BlackElo "1933"]
[PlyCount "99"]
[EventDate "2015.10.10"]
[EventType "swiss"]
[EventRounds "9"]
[EventCountry "ITA"]
[SourceTitle "CBM 168 Extra"]
[Source "ChessBase"]
[SourceDate "2015.10.29"]
[SourceVersion "1"]
[SourceVersionDate "2015.10.29"]
[SourceQuality "1"]

1. d4 Nf6 2. c4 c5 3. d5 b5 4. cxb5 a6 5. bxa6 e6 6. Nc3 Nxd5 7. Nxd5 exd5 8. Qxd5 Nc6 9. e3 Be7 10. Bd2 0-0 11. Nf3 Qb6 12. Qb3 Qa7 13. Qa4 Bxa6 14. Qxa6 Qxa6 15. Bxa6 Rxa6 16. Kd1 Nb4 17. Bxb4 cxb4 18. Kc2 Bf6 19. Kb3 Rc8 20. Rhd1 Rc7 21. Rd5 Kf8 22. Rb5 Rac6 23. Rd1 Rc4 24. Rd2 Ke7 25. Ne1 Rc1 26. Nd3 Rg1 27. Nxb4 Rxg2 28. Nd5+ Kd8 29. Nxc7 Kxc7 30. Rc5+ Kb6 31. Rh5 h6 32. Kc2 Kc6 33. b4 Be7 34. b5+ Kc7 35. f4 Rg1 36. Rhd5 d6 37. e4 Kb6 38. Rf5 f6 39. Rfd5 Re1 40. Kd3 Rf1 41. f5 Rf3+ 42. Kc4 Re3 43. R5d4 Ra3 44. Kd5 Bd8 45. Rb2 h5 46. Rc4 Rd3+ 47. Ke6 Bc7 48. Kd7 Bb8 49. Kc8 Ba7 50. Rc6+ 1-0

[Event "Verbandsliga Suedbaden 1415"]
[Site "Baden"]
[Date "2015.01.25"]
[Round "5.4"]
[White "Feiler, Juergen"]
[Black "Dobschat, Benjamin"]
[Result "0-1"]
[WhiteElo "2103"]
[BlackElo "2092"]
[PlyCount "144"]
[EventDate "2014.10.12"]
[EventType "team-tourn"]
[EventRounds "9"]
[EventCountry "GER"]
[SourceTitle "EXT 2022"]
[Source "ChessBase"]
[SourceDate "2021.10.06"]
[SourceVersion "1"]
[SourceVersionDate "2021.10.06"]
[SourceQuality "1"]
[WhiteTeam "Baden Baden IV"]
[BlackTeam "Offenburg"]
[WhiteTeamCountry "GER"]
[BlackTeamCountry "GER"]

1. d4 d5 2. c4 c6 3. cxd5 cxd5 4. Nc3 e6 5. Bf4 Nc6 6. e3 a6 7. Rc1 Nf6 8. Bd3 Bd6 9. Bxd6 Qxd6 10. Nf3 0-0 11. 0-0 e5 12. Nxe5 Nxe5 13. dxe5 Qxe5 14. h3 b5 15. b4 Rd8 16. Ne2 Qg5 17. f4 Qh4 18. Nd4 Ne4 19. Nc6 Re8 20. a4 bxa4 21. Bxe4 dxe4 22. f5 Qg5 23. Rf4 Bb7 24. Qd4 Qf6 25. Qd7 Bxc6 26. Rxc6 Qe7 27. Qd4 Rad8 28. f6 Rxd4 29. fxe7 Rxb4 30. Rxa6 f6 31. Re6 Kf7 32. Rfxe4 Rxe4 33. Rxe4 Rxe7 34. Rxa4 Rxe3 35. Kf2 Rb3 36. Ra7+ Kg6 37. Rc7 h5 38. h4 Ra3 39. g3 Kh6 40. Rc5 Ra6 41. Rb5 g5 42. hxg5+ fxg5 43. Rb4 Kg6 44. Rc4 Kf5 45. Rb4 Re6 46. Kf3 Re5 47. Ra4 Rb5 48. Rc4 Rd5 49. Ra4 g4+ 50. Ke3 Kg5 51. Ra8 Rf5 52. Rg8+ Kh6 53. Ke2 Rf3 54. Rh8+ Kg6 55. Rg8+ Kh7 56. Rg5 Kh6 57. Ra5 Rxg3 58. Kf2 Rf3+ 59. Kg2 Kg6 60. Rb5 Rf5 61. Rb3 Kg5 62. Ra3 Rb5 63. Rc3 Rb2+ 64. Kg1 Kh4 65. Kh1 g3 66. Rc5 Kg4 67. Ra5 h4 68. Rg5+ Kxg5 69. Kg1 Rf2 70. Kh1 Kg4 71. Kg1 Kf3 72. Kh1 Rf1# 0-1

[Event "Verbandsliga Sued Baden 1213"]
[Site "Baden"]
[Date "2013.04.21"]
[Round "9.5"]
[White "Feiler, Juergen"]
[Black "Adler, Heiko"]
[Result "1-0"]
[WhiteElo "2138"]
[BlackElo "2050"]
[PlyCount "59"]
[EventDate "2012.10.21"]
[EventType "team-tourn"]
[EventRounds "9"]
[EventCountry "GER"]
[SourceTitle "EXT 2014"]
[Source "ChessBase"]
[SourceDate "2013.11.20"]
[SourceVersion "1"]
[SourceVersionDate "2013.11.20"]
[SourceQuality "1"]
[WhiteTeam "Baden-Baden IV"]
[BlackTeam "Oberwinden"]
[WhiteTeamCountry "GER"]
[BlackTeamCountry "GER"]

1. d4 d5 2. c4 c6 3. Nf3 e6 4. g3 Nf6 5. Bg2 Nbd7 6. b3 Ne4 7. Bb2 Be7 8. Nfd2 f5 9. f3 Nxd2 10. Qxd2 0-0 11. Nc3 dxc4 12. bxc4 Nb6 13. Qd3 Bf6 14. Rd1 Qe7 15. c5 Nd5 16. 0-0 b6 17. Nxd5 exd5 18. e4 Qf7 19. exd5 cxd5 20. Ba3 Rd8 21. f4 Bb7 22. Rc1 Rac8 23. Rfd1 g6 24. Qb3 Qg7 25. c6 Bxd4+ 26. Kh1 Ba8 27. Bxd5+ Kh8 28. Rxd4 Bxc6 29. Bb2 Rxd5 30. Rxc6 1-0

[Event "Verbandsliga Sued Baden 1213"]
[Site "Baden"]
[Date "2013.03.03"]
[Round "7.5"]
[White "Feiler, Juergen"]
[Black "Rauch, Uwe"]
[Result "1-0"]
[WhiteElo "2138"]
[BlackElo "2184"]
[PlyCount "69"]
[EventDate "2012.10.21"]
[EventType "team-tourn"]
[EventRounds "9"]
[EventCountry "GER"]
[SourceTitle "EXT 2014"]
[Source "ChessBase"]
[SourceDate "2013.11.20"]
[SourceVersion "1"]
[SourceVersionDate "2013.11.20"]
[SourceQuality "1"]
[WhiteTeam "Baden-Baden IV"]
[BlackTeam "Offenburg"]
[WhiteTeamCountry "GER"]
[BlackTeamCountry "GER"]

1. d4 Nf6 2. c4 g6 3. Nc3 Bg7 4. e4 d6 5. Be2 0-0 6. Bg5 c5 7. d5 e6 8. Nf3 h6 9. Be3 exd5 10. exd5 Re8 11. h3 Na6 12. 0-0 Bf5 13. g4 Bd7 14. Qd2 Kh7 15. Rae1 Ne4 16. Nxe4 Rxe4 17. Bd3 Re7 18. Bf4 Rxe1 19. Rxe1 Qf6 20. g5 hxg5 21. Nxg5+ Kg8 22. Ne4 Qh4 23. Bg3 Qxh3 24. Nxd6 Bd4 25. Qf4 Rf8 26. Re7 Nb4 27. Rxf7 Rxf7 28. Qxf7+ Kh8 29. Qxg6 Bg7 30. Nf7+ Kg8 31. Ng5 Qh6 32. Qf7+ Kh8 33. Qxd7 Qf6 34. Qe8+ Bf8 35. Be5 1-0

[Event "Baden-Baden Grenke op 1st"]
[Site "Baden-Baden"]
[Date "2013.02.14"]
[Round "8"]
[White "Feiler, Juergen"]
[Black "Agrest, Inna"]
[Result "0-1"]
[WhiteElo "2138"]
[BlackElo "2174"]
[PlyCount "58"]
[EventDate "2013.02.07"]
[EventType "swiss"]
[EventRounds "9"]
[EventCountry "GER"]
[SourceTitle "CBM 152 Extra"]
[Source "ChessBase"]
[SourceDate "2013.02.25"]
[SourceVersion "1"]
[SourceVersionDate "2013.02.25"]
[SourceQuality "1"]

1. d4 Nf6 2. c4 g6 3. Nc3 Bg7 4. e4 d6 5. Be2 0-0 6. Nf3 Nbd7 7. 0-0 e5 8. Be3 Re8 9. Qc2 c6 10. Rad1 Qe7 11. d5 c5 12. b4 Ng4 13. Bg5 f6 14. Bd2 cxb4 15. Nb5 Nc5 16. h3 Nh6 17. Bxb4 b6 18. Bxc5 bxc5 19. Qa4 Rf8 20. Qa5 Rf7 21. Nd2 f5 22. Rb1 Bf8 23. Nb3 fxe4 24. Nxc5 dxc5 25. d6 Qg5 26. h4 Qxh4 27. Nc7 Bg4 28. f3 exf3 29. Nxa8 f2+ 0-1

[Event "Baden-Baden Grenke op 1st"]
[Site "Baden-Baden"]
[Date "2013.02.11"]
[Round "5"]
[White "Schut, Lisa"]
[Black "Feiler, Juergen"]
[Result "1-0"]
[WhiteElo "2283"]
[BlackElo "2138"]
[PlyCount "105"]
[EventDate "2013.02.07"]
[EventType "swiss"]
[EventRounds "9"]
[EventCountry "GER"]
[SourceTitle "CBM 152 Extra"]
[Source "ChessBase"]
[SourceDate "2013.02.25"]
[SourceVersion "1"]
[SourceVersionDate "2013.02.25"]
[SourceQuality "1"]

1. e4 c5 2. Nf3 e6 3. d4 cxd4 4. Nxd4 a6 5. c4 Nf6 6. Nc3 Bb4 7. Qd3 Qc7 8. a3 Bxc3+ 9. Qxc3 0-0 10. f3 d6 11. Be2 e5 12. Nc2 Be6 13. Bg5 Nbd7 14. Ne3 Rfc8 15. Rc1 b5 16. Qd2 Qa7 17. cxb5 Rxc1+ 18. Qxc1 axb5 19. 0-0 d5 20. exd5 Nxd5 21. Kh1 Qb7 22. Bd3 Rc8 23. Qe1 h6 24. Bh4 Nxe3 25. Qxe3 Bc4 26. Be4 Qa6 27. Rc1 Be6 28. h3 f5 29. Bd3 Rxc1+ 30. Qxc1 Qb7 31. Qc2 g6 32. Qe2 b4 33. Bc4 Qc6 34. Bxe6+ Qxe6 35. axb4 e4 36. Bf2 Kf7 37. fxe4 Nf6 38. Bd4 Nxe4 39. Qc2 Nd6 40. Qc7+ Ke8 41. Qc6+ Qd7 42. b5 g5 43. Qa8+ Kf7 44. b6 g4 45. hxg4 fxg4 46. Qh8 Kg6 47. Qg8+ Kh5 48. Qd5+ Kh4 49. Bf6+ Kg3 50. Qe5+ Kf2 51. Bh4+ g3 52. Bxg3+ Kf1 53. Qe1# 1-0

[Event "Baden-Baden Grenke op 1st"]
[Site "Baden-Baden"]
[Date "2013.02.09"]
[Round "3"]
[White "Vogel, Jaap"]
[Black "Feiler, Juergen"]
[Result "1/2-1/2"]
[WhiteElo "2190"]
[BlackElo "2138"]
[PlyCount "33"]
[EventDate "2013.02.07"]
[EventType "swiss"]
[EventRounds "9"]
[EventCountry "GER"]
[SourceTitle "CBM 152 Extra"]
[Source "ChessBase"]
[SourceDate "2013.02.25"]
[SourceVersion "1"]
[SourceVersionDate "2013.02.25"]
[SourceQuality "1"]

1. d4 Nf6 2. c4 c5 3. d5 b5 4. cxb5 a6 5. bxa6 g6 6. Nc3 Bxa6 7. Nf3 d6 8. e4 Bxf1 9. Kxf1 Nbd7 10. g3 Bg7 11. Kg2 0-0 12. h3 Ra6 13. Re1 Qa8 14. Qc2 e6 15. dxe6 fxe6 16. Bg5 Kh8 17. a4 1/2-1/2

[Event "Verbandsliga Sued Baden 1213"]
[Site "Baden"]
[Date "2013.01.27"]
[Round "5.5"]
[White "Feiler, Juergen"]
[Black "Norgauer, Michael"]
[Result "1-0"]
[WhiteElo "2138"]
[BlackElo "1987"]
[PlyCount "87"]
[EventDate "2012.10.21"]
[EventType "team-tourn"]
[EventRounds "9"]
[EventCountry "GER"]
[SourceTitle "EXT 2014"]
[Source "ChessBase"]
[SourceDate "2013.11.20"]
[SourceVersion "1"]
[SourceVersionDate "2013.11.20"]
[SourceQuality "1"]
[WhiteTeam "Baden-Baden IV"]
[BlackTeam "Konstanz"]
[WhiteTeamCountry "GER"]
[BlackTeamCountry "GER"]

1. d4 Nf6 2. c4 c5 3. d5 e6 4. Nc3 exd5 5. cxd5 d6 6. e4 g6 7. Bd3 Bg7 8. h3 0-0 9. Nf3 Re8 10. 0-0 a6 11. a4 Nbd7 12. Bf4 c4 13. Bc2 Nc5 14. e5 dxe5 15. Bxe5 Nd3 16. Bxd3 cxd3 17. Qxd3 Bf5 18. Qd4 Rxe5 19. Qxe5 Ne4 20. Qf4 Nxc3 21. bxc3 Qxd5 22. Rfd1 Qa5 23. Nd4 Be5 24. Qf3 Bxd4 25. cxd4 Rd8 26. Qxb7 Bc2 27. Rdc1 Bf5 28. Qc7 Qxc7 29. Rxc7 Rxd4 30. Rc6 Bd3 31. Rd1 Rc4 32. Rxa6 Bc2 33. Ra8+ Kg7 34. Ra1 Be4 35. Rb8 h5 36. a5 Rc7 37. a6 Ra7 38. Rb6 Bd3 39. f4 Bc4 40. Kf2 Bd3 41. Ke3 Bc4 42. Kd4 Be2 43. Kc5 Bd3 44. Rd6 1-0

[Event "Verbandsliga Sued Baden 1112"]
[Site "Germany"]
[Date "2011.12.11"]
[Round "4.3"]
[White "Feiler, Juergen"]
[Black "Hurst, Peter"]
[Result "1-0"]
[WhiteElo "2163"]
[BlackElo "2131"]
[PlyCount "71"]
[EventDate "2011.10.09"]
[EventType "team-tourn"]
[EventRounds "9"]
[EventCountry "GER"]
[SourceTitle "EXT 2013"]
[Source "ChessBase"]
[SourceDate "2012.11.22"]
[SourceVersion "1"]
[SourceVersionDate "2012.11.22"]
[SourceQuality "1"]
[WhiteTeam "Baden-Baden IV"]
[BlackTeam "Lahr"]
[WhiteTeamCountry "GER"]
[BlackTeamCountry "GER"]

1. d4 d5 2. c4 e6 3. Nc3 f5 4. Nf3 c6 5. Bf4 Nf6 6. Qc2 Be7 7. e3 0-0 8. Bd3 Ne4 9. g4 Na6 10. a3 Nxc3 11. bxc3 dxc4 12. Bxc4 Nc7 13. Rg1 Nd5 14. Be5 Bf6 15. Bd3 Bxe5 16. Nxe5 Qh4 17. 0-0-0 a5 18. c4 Ne7 19. f4 Ng6 20. Nxg6 hxg6 21. gxf5 gxf5 22. Rg5 b6 23. Qg2 Ra7 24. Rg1 Rff7 25. Be2 Rac7 26. Bh5 Rfd7 27. Be8 Re7 28. Rh5 Qg4 29. Qf2 Qxg1+ 30. Qxg1 Rxe8 31. Qg6 Rf8 32. h4 Rf6 33. Qe8+ Rf8 34. Rh8+ Kxh8 35. Qxf8+ Kh7 36. Qd8 1-0

[Event "Verbandsliga Sued Baden 1112"]
[Site "Germany"]
[Date "2011.10.09"]
[Round "1.3"]
[White "Eiler, Joerg"]
[Black "Feiler, Juergen"]
[Result "1/2-1/2"]
[WhiteElo "2147"]
[BlackElo "2163"]
[PlyCount "51"]
[EventDate "2011.10.09"]
[EventType "team-tourn"]
[EventRounds "9"]
[EventCountry "GER"]
[SourceTitle "EXT 2013"]
[Source "ChessBase"]
[SourceDate "2012.11.22"]
[SourceVersion "1"]
[SourceVersionDate "2012.11.22"]
[SourceQuality "1"]
[WhiteTeam "Iffezheim"]
[BlackTeam "Baden-Baden IV"]
[WhiteTeamCountry "GER"]
[BlackTeamCountry "GER"]

1. e4 c5 2. Nf3 e6 3. c4 d6 4. Nc3 Nf6 5. d4 cxd4 6. Nxd4 Be7 7. Be2 a6 8. 0-0 0-0 9. Be3 Nbd7 10. f4 Qc7 11. Rc1 b6 12. Bf3 Bb7 13. Qe2 Nc5 14. Bf2 Rac8 15. b3 Rfe8 16. Rcd1 Qb8 17. Bg3 Qa8 18. Rde1 Bf8 19. Bh4 Ncd7 20. h3 e5 21. fxe5 dxe5 22. Nc2 b5 23. Nd5 bxc4 24. bxc4 Nxd5 25. cxd5 f5 26. exf5 1/2-1/2